LIBRARY & INFORMATION CENTRE, KCAET, TAVANUR

ONLINE PUBLIC ACCESS CATALOGUE (OPAC)

Introduction to modern physics / (Record no. 7629)

MARC details
000 -LEADER
fixed length control field 00635cam a2200265ua 4500
041 ## - LANGUAGE CODE
Language code of text/sound track or separate title eng
082 ## - DEWEY DECIMAL CLASSIFICATION NUMBER
Classification number 539
Item number THA/IN
100 ## - MAIN ENTRY--AUTHOR NAME
Personal name Thangaraj, M.A .
245 ## - TITLE STATEMENT
Title Introduction to modern physics /
250 ## - EDITION STATEMENT
Edition statement 2 /
260 ## - PUBLICATION, DISTRIBUTION, ETC. (IMPRINT)
Place of publication Madras :
Name of publisher Central Art press ,
Year of publication 1963.
300 ## - PHYSICAL DESCRIPTION
Number of Pages 302 ; .
700 1# - ADDED ENTRY--PERSONAL NAME
Personal name Ananthakrishnan, N .
942 ## - ADDED ENTRY ELEMENTS (KOHA)
Koha item type Books
Holdings
Withdrawn status Lost status Damaged status Home library Current library Date acquired Cost, normal purchase price Full call number Accession Number Koha item type
Withdrawn     KAUAET KAUAET 07/04/2012 6.00 539 THA/IN 7238 Books
Withdrawn     KAUAET KAUAET 07/04/2012 6.00 539 THA/IN 7237 Books
Withdrawn     KAUAET KAUAET 07/04/2012 6.00 539 THA/IN 7239 Books
Withdrawn     KAUAET KAUAET 07/04/2012 6.00 539 THA/IN 7240 Books
Withdrawn     KAUAET KAUAET 07/04/2012 6.00 539 THA/IN 7236 Books
Withdrawn     KAUAET KAUAET 07/04/2012 6.00 539 THA/IN 7397 Books
Withdrawn     KAUAET KAUAET 07/04/2012 6.00 539 THA/IN 7241 Books
free website counter